01580nam a22003857a 4500003000500000005001700005008004100022010001000063011001000073035001000083040000900093090001000102100003500112245023000147260003900377300001000416502009400426590003700520590004100557590004100598590004100639590004100680590004100721590004200762650003300804650004000837650004000877650002700917650005200944901000700996942001001003949003601013999001701049952012801066CHAP20220329140759.0971013s1980 r 00010 d a57501 a58473 a62628 cCHAP aTesis00aSoto Robledo, Alfredo.9108907 aresistencia de cuatro variedades de maíz al ataque del gusano Spodoptera Frugiperda (Smith), barrenador Diatraea spp. y elotero Helicoverpa (Heliothis zea (Boddie)), durante el ciclo primavera-verano de 1979, Escobedo, N.L. aMonterrey, N.L. :bEl autor,c1980 a48 h. aTesis (Ing. Agr. Parasitólogo) -- Univ. Autónoma de Nuevo León. Fac. de Agronomía aALEPHb10c20130110lUCH01h1336 aBATCH-UPDb10c20130110lUCH01h0242 aBATCH-UPDb10c20130110lUCH01h1245 aBATCH-UPDb10c20130409lUCH01h2309 aBATCH-UPDb10c20130410lUCH01h1355 aBATCH-UPDb10c20130914lUCH01h1201 aCONVERSIONb10c20130109lUCH01h133114aDiatraea saccharalis.93243214aGusano cogollero del maíz.95156114aHeliothis (Helicoverpa) zea.95343814aMaízxPlagas.97103414aMaízxVariedades resistentes a plagas.971083 aBK cTESIS bBCcTESd-134190eTS1i62628si c57501d57501 00102local4051718TESISaBCbBCcPA_TESISd2012-12-17fTESISl0oTesisp-134190r2019-12-31 00:00:00w2019-12-31yTESIS